[Event "Baden-ch U14"]
[Site "Karlsruhe Durlach"]
[Date "2012.01.04"]
[Round "5"]
[White "Bossert, Felix"]
[Black "Galli, Elias"]
[Result "0-1"]
[WhiteElo "1229"]
[BlackElo "1231"]
[PlyCount "98"]
[EventDate "2012.01.02"]
[EventType "swiss"]
[EventRounds "7"]
[EventCountry "GER"]
[SourceTitle "EXT 2015"]
[Source "ChessBase"]
[SourceDate "2014.11.20"]
[SourceVersion "1"]
[SourceVersionDate "2014.11.20"]
[SourceQuality "1"]

1. e4 e5 2. Nf3 Nc6 3. d4 exd4 4. Bc4 h6 5. 0-0 d6 6. Nxd4 Nxd4 7. Qxd4 Nf6 8. Re1 Be6 9. Bxe6 fxe6 10. Nc3 Be7 11. f4 b6 12. Qa4+ Qd7 13. Qxd7+ Nxd7 14. f5 exf5 15. exf5 Ne5 16. Nd5 Rc8 17. Bf4 Bf6 18. Rad1 Kf7 19. Nxf6 gxf6 20. Bxe5 fxe5 21. Re3 Kf6 22. Rf1 Rhg8 23. h4 Rg4 24. g3 Rcg8 25. Kh2 Rd4 26. Re2 Rdg4 27. Re3 d5 28. Ra3 Ra8 29. Rd3 d4 30. Kh3 h5 31. c3 c5 32. cxd4 exd4 33. b3 Re8 34. Rff3 Re5 35. b4 Rxf5 36. Rxf5+ Kxf5 37. bxc5 bxc5 38. Kg2 Ke4 39. Ra3 Rg7 40. Ra4 Rc7 41. g4 hxg4 42. h5 c4 43. h6 c3 44. h7 Rxh7 45. Rc4 Rh6 46. a4 Kd3 47. Rc5 Kd2 48. Rd5 d3 49. Rd4 c2 0-1

[Event "GER-chT U12"]
[Site "Arendsee"]
[Date "2011.12.30"]
[Round "7.3"]
[White "Wagner, Tobias"]
[Black "Galli, Elias"]
[Result "0-1"]
[WhiteElo "1304"]
[BlackElo "1229"]
[PlyCount "78"]
[EventDate "2011.12.27"]
[EventType "team-swiss"]
[EventRounds "7"]
[EventCountry "GER"]
[SourceTitle "EXT 2022"]
[Source "ChessBase"]
[SourceDate "2021.10.06"]
[SourceVersion "1"]
[SourceVersionDate "2021.10.06"]
[SourceQuality "1"]
[WhiteTeam "Magdeburg Aufbau Elbe U12"]
[BlackTeam "Endingen U12"]
[WhiteTeamCountry "GER"]
[BlackTeamCountry "GER"]

1. e4 e5 2. Nf3 Nc6 3. Bc4 Bc5 4. 0-0 Nf6 5. d4 Bxd4 6. Nxd4 Nxd4 7. Na3 d6 8. c3 Nc6 9. Bg5 h6 10. Bxf6 Qxf6 11. Nc2 Be6 12. Bb5 0-0 13. Bxc6 bxc6 14. Nb4 c5 15. Nd5 Bxd5 16. exd5 Rac8 17. Qa4 Ra8 18. Qc6 Rfc8 19. a3 a5 20. h3 Qd8 21. Ra2 Qe8 22. Qxe8+ Rxe8 23. Rfa1 a4 24. Rb1 Reb8 25. f3 c4 26. Re1 f5 27. g3 Ra5 28. Rd1 Rbb5 29. Kf2 Rxd5 30. Rxd5 Rxd5 31. Ke2 Kf7 32. Ra1 Rb5 33. Rb1 Kf6 34. f4 g5 35. fxg5+ hxg5 36. Kd2 Rd5+ 37. Kc2 Rd3 38. g4 Rxh3 39. gxf5 Rh2+ 0-1

[Event "GER-chT U12"]
[Site "Arendsee"]
[Date "2011.12.28"]
[Round "4.3"]
[White "Galli, Elias"]
[Black "Duehrkop, Jasmin"]
[Result "1/2-1/2"]
[WhiteElo "1229"]
[BlackElo "1135"]
[PlyCount "98"]
[EventDate "2011.12.27"]
[EventType "team-swiss"]
[EventRounds "7"]
[EventCountry "GER"]
[SourceTitle "EXT 2022"]
[Source "ChessBase"]
[SourceDate "2021.10.06"]
[SourceVersion "1"]
[SourceVersionDate "2021.10.06"]
[SourceQuality "1"]
[WhiteTeam "Endingen U12"]
[BlackTeam "Saalfeld U12"]
[WhiteTeamCountry "GER"]
[BlackTeamCountry "GER"]

1. e4 e5 2. Nf3 Nc6 3. Bb5 Nf6 4. Nc3 Bb4 5. a3 Bxc3 6. dxc3 Nxe4 7. Bxc6 bxc6 8. Qe2 d5 9. Nxe5 Bd7 10. f3 Qe7 11. Nxd7 Qxd7 12. fxe4 0-0 13. 0-0 Rfe8 14. Qf2 dxe4 15. Qf5 Qxf5 16. Rxf5 e3 17. Rf1 Re6 18. Re1 Rae8 19. Re2 f5 20. b3 f4 21. Bb2 Rf8 22. Rf1 h6 23. Bc1 g5 24. g3 Ref6 25. Bxe3 fxe3 26. Rxf6 Rxf6 27. Rxe3 Kf7 28. Kg2 g4 29. Re4 h5 30. Rf4 Rxf4 31. gxf4 Kf6 32. Kg3 Kf5 33. c4 c5 34. c3 a5 35. b4 a4 36. Kh4 Kxf4 37. Kxh5 g3 38. hxg3+ Kxg3 39. Kg5 Kf3 40. Kf5 Ke3 41. Ke5 Kd3 42. Kd5 Kxc3 43. Kxc5 Kb3 44. Kd4 Kxa3 45. Kc3 Ka2 46. b5 a3 47. Kc2 Ka1 48. c5 a2 49. b6 c6 1/2-1/2